000
00255nam a22001217a 4500
041
_a
ENG
100
_a
Floyd Hickok
245
_a
Handbook Of Solar And Wind Energy
260
_a
Delhi
_b
CBI
_c
1992
300
_a
124
650
_a
EOES (12)
856
_u
EOES
999
_c
2694
_d
2694